00316nam a2200121Ia 4500008004100000041001200041082002000053100003500073245003800108260002900146300000800175500001100183231221s9999 xx 000 0 und d aEnglish a651.7 BHA;1 R aBhatia, Pravin S R Sheikh, A M 0aProfessional communication skills c2001bS.ChandaNew Delhi a249 aE.-509